| 000 | 01122nam a22003497a 4500 | ||
|---|---|---|---|
| 001 | 0069000 | ||
| 003 | KOHA_MİRAKIL | ||
| 005 | 20260207004826.0 | ||
| 007 | ta | ||
| 008 | 230614b1977 tu |||gr||||#0|||0|eng | | ||
| 020 | _a0070629218 | ||
| 040 |
_aTR-BiSEU _btur _cTR-BiSEU _erda |
||
| 041 | 0 | _aeng | |
| 044 | _ctu | ||
| 050 |
_aTK7878.D5 _bT38 1977 |
||
| 100 | 1 | _aTaub, Herbert. | |
| 245 | 1 |
_aDigital integrated electronics/ _cHerbert Taub ; Herbert Taub, Donald Schilling. |
|
| 264 | 1 |
_aTokyo : _bMcGraw-Hill Kogakusha _c1977 |
|
| 300 | _aXX, 650 pages; 21 cm. | ||
| 336 |
_ametin _btxt _2rdacontent |
||
| 337 |
_aaracısız _bn _2rdamedia |
||
| 338 |
_acilt _bnc _2rdacarrier |
||
| 490 | 0 | _aMcGraw-Hill electrical and electronic engineering series | |
| 500 | _aIncludes index. | ||
| 650 | 0 |
_aDigital electronics. _92872 |
|
| 650 | 0 |
_aIntegrated circuits. _94157 |
|
| 650 | 0 |
_aDijital elektronik. _93429 |
|
| 650 | 0 |
_aEntegre devreler. _9133297 |
|
| 830 | 0 |
_aMcGraw-Hill electrical and electronic engineering series _9133339 |
|
| 907 | _aElektrik ve Elektronik Mühendisliği | ||
| 942 |
_2lcc _cBK |
||
| 999 |
_c69749 _d69749 |
||